000 00275nam a22001097a 4500
999 _c2889
_d2889
008 190404e1991 mx ||||| |||| 00| 0 spa d
100 1 _aBehrman, Richard
245 1 _aNelson. Compendio de pediatria
250 _a1a ed.
260 _aMexico
_bInteramericana
_c1991
500 _3Baja